[Event "CRO-chT (Women) 29th"]
[Site "Mali Losinj"]
[Date "2021.09.30"]
[Round "6.33"]
[White "Randic, Petra"]
[Black "Raguz, Sima"]
[Result "1-0"]
[WhiteElo "1773"]
[BlackElo "1176"]
[PlyCount "53"]
[EventDate "2021.09.25"]
[EventType "team-tourn"]
[EventRounds "9"]
[EventCountry "CRO"]
[SourceTitle "CBM 204 Extra"]
[Source "ChessBase"]
[SourceDate "2021.11.30"]
[SourceVersion "1"]
[SourceVersionDate "2021.11.30"]
[SourceQuality "1"]
[WhiteTeam "Zagreb Hask Mladost (W)"]
[BlackTeam "Djakovo Dama (W)"]
[WhiteTeamCountry "CRO"]
[BlackTeamCountry "CRO"]

1. d4 d5 2. c4 dxc4 3. Nc3 Nc6 4. e3 Nf6 5. Bxc4 Bd7 6. Nge2 e6 7. e4 Bb4 8. 0-0 Qe7 9. a3 Ba5 10. Be3 Bb6 11. f3 e5 12. Qd2 exd4 13. Nxd4 0-0-0 14. Nxc6 Bxc6 15. Qf2 Bxe3 16. Qxe3 b6 17. Nb5 Kb7 18. Rac1 a6 19. Nd4 Bd5 20. Bxd5+ Nxd5 21. Qb3 Nb4 22. Nf5 Qg5 23. axb4 Rd2 24. Ng3 Rhd8 25. Rc3 c5 26. f4 Qe7 27. bxc5 1-0

[Event "CRO-chT (Women) 29th"]
[Site "Mali Losinj"]
[Date "2021.09.26"]
[Round "2.53"]
[White "Randic, Petra"]
[Black "Dejanovic, Tereza"]
[Result "0-1"]
[WhiteElo "1773"]
[BlackElo "1946"]
[PlyCount "120"]
[EventDate "2021.09.25"]
[EventType "team-tourn"]
[EventRounds "9"]
[EventCountry "CRO"]
[SourceTitle "CBM 204 Extra"]
[Source "ChessBase"]
[SourceDate "2021.11.30"]
[SourceVersion "1"]
[SourceVersionDate "2021.11.30"]
[SourceQuality "1"]
[WhiteTeam "Zagreb Hask Mladost (W)"]
[BlackTeam "Busevec Polet (W)"]
[WhiteTeamCountry "CRO"]
[BlackTeamCountry "CRO"]

1. d4 d5 2. c4 e6 3. Nc3 Nf6 4. cxd5 exd5 5. Bg5 c6 6. e3 Be7 7. Bd3 h6 8. Bh4 Nbd7 9. Nge2 Nh5 10. Bxe7 Qxe7 11. Qc2 Nb6 12. h3 Nf6 13. Ng3 g6 14. 0-0-0 Be6 15. Rhe1 0-0-0 16. Na4 Nxa4 17. Qxa4 Kb8 18. Kb1 Nd7 19. Rc1 Nb6 20. Qa5 Nc4 21. Qc3 Qf6 22. Re2 h5 23. Nf1 Qg5 24. f3 Nb6 25. Nd2 Rhe8 26. Nb3 Bc8 27. f4 Qf6 28. Nc5 Bf5 29. a4 Bxd3+ 30. Qxd3 Nd7 31. Nb3 Re6 32. Nd2 Rde8 33. Rce1 R6e7 34. Nf3 Qd6 35. Qc3 Nf6 36. Ng5 Qd7 37. Qc2 Ne4 38. Nxe4 Rxe4 39. Qd3 Qf5 40. Qc2 h4 41. a5 a6 42. Ka2 Rxf4 43. exf4 Qxc2 44. Rxe8+ Ka7 45. R1e7 Qa4+ 46. Kb1 Qd1+ 47. Ka2 Qxd4 48. Rxf7 Qa4+ 49. Kb1 Qxa5 50. Ree7 Qb5 51. Rg7 c5 52. Ka2 Qa4+ 53. Kb1 Qc6 54. Rc7 Qb6 55. Rcd7 d4 56. Kc2 c4 57. Rc7 d3+ 58. Kb1 Qg1+ 59. Ka2 Qxg2 60. Rxc4 Qd5 0-1

[Event "CRO-chT (Women) 29th"]
[Site "Mali Losinj"]
[Date "2021.09.25"]
[Round "1.1"]
[White "Randic, Petra"]
[Black "Njegovanovic Ocelic, Paula"]
[Result "1-0"]
[WhiteElo "1773"]
[BlackElo "1703"]
[PlyCount "75"]
[EventDate "2021.09.25"]
[EventType "team-tourn"]
[EventRounds "9"]
[EventCountry "CRO"]
[SourceTitle "CBM 204 Extra"]
[Source "ChessBase"]
[SourceDate "2021.11.30"]
[SourceVersion "1"]
[SourceVersionDate "2021.11.30"]
[SourceQuality "1"]
[WhiteTeam "Zagreb Hask Mladost (W)"]
[BlackTeam "Velimirovac Radnik (W)"]
[WhiteTeamCountry "CRO"]
[BlackTeamCountry "CRO"]

1. d4 d5 2. c4 e6 3. Nc3 Nf6 4. cxd5 Nxd5 5. e4 Nf6 6. Bg5 Be7 7. Nf3 0-0 8. Bd3 h6 9. Bf4 a6 10. Rc1 c5 11. Na4 cxd4 12. Bc7 Bb4+ 13. Nd2 Qe7 14. Nb6 Nbd7 15. Nxa8 Nc5 16. Qe2 e5 17. 0-0 Bg4 18. f3 Bh5 19. Nc4 Rxa8 20. Bxe5 Ne6 21. Nb6 Rd8 22. Bxf6 Nf4 23. Bxe7 Nxe2+ 24. Bxe2 Bxe7 25. Rc8 d3 26. Bxd3 Rxc8 27. Nxc8 Bc5+ 28. Kh1 f6 29. Rc1 Be3 30. Rc7 b5 31. Ne7+ Kf8 32. Nf5 Bf4 33. Ra7 Bf7 34. Rxa6 g6 35. Ra8+ Be8 36. Bxb5 gxf5 37. exf5 Bc1 38. b3 1-0

[Event "CRO-ch U17"]
[Site "Vinkovci"]
[Date "2020.07.30"]
[Round "4"]
[White "Dejanovic, Tereza"]
[Black "Randic, Petra"]
[Result "1-0"]
[WhiteElo "1788"]
[BlackElo "1794"]
[PlyCount "133"]
[EventDate "2020.07.28"]
[EventType "swiss"]
[EventRounds "9"]
[EventCountry "CRO"]
[SourceTitle "EXT 2021"]
[Source "ChessBase"]
[SourceDate "2020.10.23"]
[SourceVersion "1"]
[SourceVersionDate "2020.10.23"]
[SourceQuality "1"]

1. e4 Nc6 2. d4 d5 3. exd5 Qxd5 4. Nf3 Bg4 5. Be2 0-0-0 6. c3 e5 7. dxe5 Qxd1+ 8. Bxd1 Nxe5 9. 0-0 Nxf3+ 10. Bxf3 Bxf3 11. gxf3 Rd6 12. Be3 Nh6 13. Nd2 Nf5 14. Bf4 Rg6+ 15. Kh1 Bd6 16. Bg3 Re8 17. Rae1 Rge6 18. Rxe6 Rxe6 19. Ne4 Be7 20. Rd1 Nh4 21. Bxh4 Bxh4 22. Rd2 b6 23. c4 Re5 24. b3 Be7 25. Kg2 Bb4 26. Re2 Kd7 27. Re3 f5 28. Ng3 Rxe3 29. fxe3 f4 30. exf4 Bc3 31. Ne4 Bd4 32. Kg3 h6 33. Kg4 Ke6 34. Ng3 Bg1 35. h4 Bf2 36. f5+ Ke7 37. Nh5 Kf7 38. Nf4 a6 39. Nd5 c6 40. Nb4 a5 41. Nxc6 Kf6 42. h5 Be3 43. b4 axb4 44. Nxb4 Bc5 45. Nc6 Be3 46. a4 Bd2 47. Nd8 Be3 48. Ne6 Bd2 49. c5 bxc5 50. Nxc5 Ke5 51. Ne6 Kf6 52. f4 Bc3 53. Nc5 Bb4 54. Ne4+ Kf7 55. Kf3 Ke7 56. Ke3 Ba5 57. Nd2 Kf6 58. Nc4 Bb4 59. Ke4 Bc5 60. a5 Ke7 61. a6 Ba7 62. Ne5 Kd6 63. f6 gxf6 64. Nf7+ Ke7 65. Nxh6 Ke6 66. Nf5 Bc5 67. h6 1-0

[Event "CRO-ch U15 Girls"]
[Site "Trogir"]
[Date "2018.06.21"]
[Round "9"]
[White "Randic, Petra"]
[Black "Dejanovic, Tereza"]
[Result "0-1"]
[WhiteElo "1635"]
[BlackElo "1815"]
[PlyCount "108"]
[EventDate "2018.06.16"]
[EventType "swiss"]
[EventRounds "9"]
[EventCountry "CRO"]
[SourceTitle "EXT 2019"]
[Source "ChessBase"]
[SourceDate "2018.10.10"]
[SourceVersion "1"]
[SourceVersionDate "2018.10.10"]
[SourceQuality "1"]

1. e4 c5 2. Nf3 d6 3. d4 cxd4 4. Nxd4 Nf6 5. Nc3 a6 6. f3 Qb6 7. Nb3 e6 8. Qe2 Qc7 9. Be3 b5 10. 0-0-0 Bb7 11. g4 Nfd7 12. h4 Ne5 13. Qf2 Nbd7 14. h5 Rc8 15. Rh2 b4 16. Na4 d5 17. Nb6 Nxb6 18. Bxb6 Qb8 19. exd5 Bxd5 20. Bxa6 Bd6 21. Bxc8 Qxc8 22. Bc5 Qa6 23. Bxd6 Qxd6 24. Qc5 Qxc5 25. Nxc5 Bxf3 26. Rd4 Nxg4 27. Rh3 Ne5 28. Rxb4 Ke7 29. Ne4 Rd8 30. Nc3 f5 31. Rb5 Bg4 32. Rg3 Kf6 33. h6 gxh6 34. a4 h5 35. Rb7 h4 36. Rg1 h5 37. Nd1 h3 38. Nf2 h2 39. Rf1 Bf3 40. Rh7 Rg8 41. Rh6+ Kf7 42. Rh7+ Kf6 43. Rh6+ Ke7 44. Rh7+ Kd6 45. Kd2 Rg1 46. Ke1 Bg2 47. Rxh5 Rxf1+ 48. Ke2 h1Q 49. Nxh1 Rxh1 50. Rxh1 Bxh1 51. Ke3 Nc4+ 52. Kf4 Nxb2 53. a5 Nc4 54. a6 Kc7 0-1

[Event "CRO-ch U15 Girls"]
[Site "Trogir"]
[Date "2018.06.20"]
[Round "8"]
[White "Randic, Petra"]
[Black "Raguz, Sima"]
[Result "1-0"]
[WhiteElo "1635"]
[BlackElo "1109"]
[PlyCount "115"]
[EventDate "2018.06.16"]
[EventType "swiss"]
[EventRounds "9"]
[EventCountry "CRO"]
[SourceTitle "EXT 2019"]
[Source "ChessBase"]
[SourceDate "2018.10.10"]
[SourceVersion "1"]
[SourceVersionDate "2018.10.10"]
[SourceQuality "1"]

1. e4 e5 2. Nf3 Nc6 3. Bc4 Be7 4. 0-0 Nf6 5. d3 0-0 6. a3 d5 7. exd5 Nxd5 8. h3 Qd6 9. Bxd5 Qxd5 10. Nc3 Qe6 11. Ne4 h6 12. b4 Qg6 13. Kh1 a6 14. Bb2 f5 15. Ng3 Bf6 16. Rb1 h5 17. h4 Nd4 18. Nxd4 exd4 19. Qxh5 Qxh5 20. Nxh5 Bxh4 21. Bxd4 g6 22. Nf4 Rd8 23. Bb2 Rd6 24. Kg1 b5 25. Rfe1 Bd7 26. Re3 g5 27. Ne2 g4 28. Be5 Re6 29. Nd4 Ree8 30. Bxc7 Bg5 31. Rxe8+ Rxe8 32. f4 Bf6 33. Be5 Bxe5 34. fxe5 Rxe5 35. Kf2 Rd5 36. Ke3 f4+ 37. Ke4 Rd6 38. Ke5 Rxd4 39. Kxd4 Bc6 40. Rg1 Kf7 41. Ke5 f3 42. gxf3 Bxf3 43. Kf5 Ke7 44. Rxg4 Bxg4+ 45. Kxg4 Kd6 46. Kf4 Kd5 47. c3 Kd6 48. Ke4 Kc6 49. Kd4 Kd6 50. c4 Kc6 51. c5 Kc7 52. Kd5 Kd7 53. c6+ Kc7 54. d4 Kc8 55. Kd6 a5 56. bxa5 b4 57. axb4 Kd8 58. a6 1-0

[Event "CRO-ch U15 Girls"]
[Site "Trogir"]
[Date "2018.06.18"]
[Round "4"]
[White "Desnica, Lara"]
[Black "Randic, Petra"]
[Result "1-0"]
[WhiteElo "1505"]
[BlackElo "1635"]
[PlyCount "67"]
[EventDate "2018.06.16"]
[EventType "swiss"]
[EventRounds "9"]
[EventCountry "CRO"]
[SourceTitle "EXT 2019"]
[Source "ChessBase"]
[SourceDate "2018.10.10"]
[SourceVersion "1"]
[SourceVersionDate "2018.10.10"]
[SourceQuality "1"]

1. e4 e6 2. d3 d5 3. Nd2 g6 4. Ngf3 Bg7 5. g3 Ne7 6. Bg2 0-0 7. 0-0 c5 8. Re1 Nbc6 9. e5 Qc7 10. Qe2 b6 11. Nf1 Nf5 12. c3 Ba6 13. Bf4 Rac8 14. h4 h5 15. Ng5 b5 16. Nh2 d4 17. Ne4 dxc3 18. bxc3 Kh8 19. g4 Nxh4 20. gxh5 Bxe5 21. hxg6 fxg6 22. Bxe5+ Qxe5 23. Qg4 Rf4 24. Qh3 Kg7 25. Ng3 Qxc3 26. Qxe6 Qf6 27. Bxc6 Rxc6 28. Qd7+ Kh6 29. Kh1 Bc8 30. Qd5 Bh3 31. Qb3 Rxf2 32. Ne4 Nf3 33. Nxf2 Nxe1 34. Nfg4+ 1-0

[Event "EU-ch U14 Girls 27th"]
[Site "Mamaia"]
[Date "2017.09.14"]
[Round "9"]
[White "Pipia, Ekaterine"]
[Black "Randic, Petra"]
[Result "0-1"]
[WhiteElo "1716"]
[BlackElo "1619"]
[PlyCount "118"]
[EventDate "2017.09.05"]
[EventType "swiss"]
[EventRounds "9"]
[EventCountry "ROU"]
[SourceTitle "EXT 2018"]
[Source "ChessBase"]
[SourceDate "2017.10.13"]
[SourceVersion "1"]
[SourceVersionDate "2017.10.13"]
[SourceQuality "1"]

1. d4 Nf6 2. c4 g6 3. Nc3 d5 4. Bg5 Ne4 5. Bh4 Nxc3 6. bxc3 Bg7 7. e3 c5 8. cxd5 Qxd5 9. Nf3 Nc6 10. Be2 0-0 11. 0-0 cxd4 12. cxd4 Bg4 13. h3 Bf5 14. Qa4 a6 15. Bc4 Qd7 16. Qa3 b5 17. Be2 b4 18. Qb3 Be6 19. Qd3 Rfd8 20. Rfc1 a5 21. Rc5 Rac8 22. Qd2 Nxd4 23. Nxd4 Rxc5 24. Qe1 Rcc8 25. Ba6 Rb8 26. Bg3 Bxd4 27. exd4 Ra8 28. Be2 Rac8 29. Ba6 Ra8 30. Be2 Qxd4 31. Bf3 Rac8 32. Rd1 Qc3 33. Rxd8+ Rxd8 34. Qe4 Rd6 35. Qb7 Rd7 36. Qb6 Bxa2 37. Qxa5 b3 38. Qb6 Qd4 39. Qxd4 Rxd4 40. Be5 Rd2 41. Bf4 b2 42. Bxd2 b1Q+ 43. Kh2 Qd3 44. Bf4 Bd5 45. Bxd5 Qxd5 46. Be3 Kg7 47. Kg3 Kf6 48. h4 e5 49. Bg5+ Ke6 50. Be3 f5 51. f4 Qd3 52. Kf2 e4 53. g3 Qc2+ 54. Ke1 h5 55. Kf1 Kd5 56. Ke1 Kc4 57. Kf1 Kd3 58. Bf2 e3 59. Be1 Qe2+ 0-1

[Event "EU-ch U14 Girls 27th"]
[Site "Mamaia"]
[Date "2017.09.09"]
[Round "5"]
[White "Czarnecka, Lidia"]
[Black "Randic, Petra"]
[Result "1-0"]
[WhiteElo "1792"]
[BlackElo "1619"]
[PlyCount "75"]
[EventDate "2017.09.05"]
[EventType "swiss"]
[EventRounds "9"]
[EventCountry "ROU"]
[SourceTitle "EXT 2018"]
[Source "ChessBase"]
[SourceDate "2017.10.13"]
[SourceVersion "1"]
[SourceVersionDate "2017.10.13"]
[SourceQuality "1"]

1. e4 e6 2. d4 d5 3. Nd2 a6 4. Ngf3 Nf6 5. e5 Nfd7 6. Bd3 c5 7. c3 Nc6 8. 0-0 g5 9. dxc5 Ndxe5 10. Nb3 Nxf3+ 11. Qxf3 Ne5 12. Qe2 Nxd3 13. Qxd3 Bg7 14. Re1 0-0 15. Qg3 h6 16. f4 gxf4 17. Bxf4 Qf6 18. Nd4 Bd7 19. Nf3 Bc6 20. Be5 Qg6 21. Qxg6 fxg6 22. Bxg7 Kxg7 23. Rxe6 Rae8 24. Rae1 Rxe6 25. Rxe6 Re8 26. Rxe8 Bxe8 27. Kf2 Kf6 28. Ke3 Kf5 29. Kd4 Bf7 30. Ne5 Be6 31. c6 bxc6 32. Nxc6 Kg4 33. Ke5 Bf7 34. Ne7 g5 35. Nxd5 h5 36. Ne3+ Kh4 37. Nf5+ Kg4 38. h3# 1-0

[Event "CRO-chT U16 Girls final"]
[Site "Djurdjevac"]
[Date "2016.12.29"]
[Round "3.13"]
[White "Randic, Petra"]
[Black "Bevanda, Lorena"]
[Result "1-0"]
[WhiteElo "1483"]
[BlackElo "1353"]
[PlyCount "123"]
[EventDate "2016.12.27"]
[EventType "team-tourn"]
[EventRounds "3"]
[EventCountry "CRO"]
[SourceTitle "EXT 2019"]
[Source "ChessBase"]
[SourceDate "2018.10.10"]
[SourceVersion "1"]
[SourceVersionDate "2018.10.10"]
[SourceQuality "1"]

1. e4 e5 2. Nf3 Nc6 3. Bc4 Be7 4. d3 Nf6 5. Be3 d6 6. h3 Na5 7. Bb5+ c6 8. Ba4 b5 9. Bb3 0-0 10. 0-0 Re8 11. Nc3 a6 12. Bg5 h6 13. Bh4 Nxb3 14. axb3 Bb7 15. Re1 Qc7 16. Qd2 Nh5 17. Bxe7 Qxe7 18. Ne2 Qf6 19. Nh2 Bc8 20. Rf1 Nf4 21. Nxf4 exf4 22. Rac1 Qg5 23. Nf3 Qg6 24. Qxf4 Bxh3 25. Nh4 Qg4 26. Qxg4 Bxg4 27. f4 g5 28. fxg5 hxg5 29. Nf5 Bxf5 30. Rxf5 Re5 31. Rcf1 Rf8 32. Rf6 Re6 33. R1f5 Kg7 34. Rxe6 fxe6 35. Rxg5+ Kf6 36. Rh5 Rg8 37. Kf2 a5 38. Rh6+ Kf7 39. Rh7+ Rg7 40. Rxg7+ Kxg7 41. Kf3 Kf6 42. Kf4 e5+ 43. Kg4 Kg6 44. g3 c5 45. c4 b4 46. Kh4 Kh6 47. g4 Kg6 48. g5 Kg7 49. Kh5 Kh7 50. g6+ Kg8 51. Kg5 Kg7 52. Kf5 Kf8 53. Kf6 Ke8 54. g7 Kd7 55. g8Q Kc7 56. Qf7+ Kb6 57. Ke6 a4 58. Kxd6 a3 59. Qc7+ Ka6 60. Kc6 axb2 61. Qb8 b1Q 62. Qb6# 1-0

[Event "CRO-chT U16 Girls final"]
[Site "Djurdjevac"]
[Date "2016.12.28"]
[Round "2.23"]
[White "Trgovac, Mira"]
[Black "Randic, Petra"]
[Result "1/2-1/2"]
[WhiteElo "1305"]
[BlackElo "1483"]
[PlyCount "131"]
[EventDate "2016.12.27"]
[EventType "team-tourn"]
[EventRounds "3"]
[EventCountry "CRO"]
[SourceTitle "EXT 2019"]
[Source "ChessBase"]
[SourceDate "2018.10.10"]
[SourceVersion "1"]
[SourceVersionDate "2018.10.10"]
[SourceQuality "1"]

1. d4 Nf6 2. c4 g6 3. Nc3 d5 4. Bf4 Bg7 5. Nf3 0-0 6. e3 c5 7. Be2 Nc6 8. dxc5 Qa5 9. 0-0 dxc4 10. Qa4 Qxc5 11. Qxc4 Qxc4 12. Bxc4 Rd8 13. h3 h6 14. Rac1 Na5 15. Bc7 Nxc4 16. Bxd8 Bxh3 17. Bxe7 Be6 18. Nb5 Ne8 19. b3 Na5 20. Nc7 Nxc7 21. Rxc7 Rc8 22. Rfc1 Rxc7 23. Rxc7 a6 24. Bb4 b6 25. Kf1 Bf6 26. Bxa5 bxa5 27. Rc6 Kg7 28. Rxa6 Bc3 29. Ke2 Bd7 30. Rd6 Bb5+ 31. Kd1 Bb4 32. Rb6 Bf1 33. g3 Bg2 34. Ne1 Be4 35. Rxb4 axb4 36. Nc2 Kf6 37. Nxb4 Ke6 38. Kd2 Kd6 39. Kc3 Kc5 40. Nd3+ Kb5 41. Ne5 Bd5 42. a4+ Ka5 43. Nc4+ Ka6 44. b4 h5 45. Kd4 Be6 46. b5+ Ka7 47. Ne5 Kb6 48. Nc4+ Ka7 49. b6+ Kb7 50. a5 g5 51. Ne5 h4 52. gxh4 gxh4 53. Nf3 h3 54. Nh2 Ka6 55. Kc5 Bc8 56. Kc6 Bb7+ 57. Kc7 Bd5 58. f4 f5 59. Kd6 Be4 60. Kc7 Bb7 61. Nf1 Ba8 62. Nh2 Bg2 63. Kc8 Be4 64. Kc7 Bb7 65. Nf1 Bd5 66. Nh2 1/2-1/2

[Event "CRO-ch U13 Girls"]
[Site "Trogir"]
[Date "2016.06.23"]
[Round "5"]
[White "Randic, Petra"]
[Black "Smetisko, Lucija"]
[Result "1/2-1/2"]
[WhiteElo "1390"]
[BlackElo "1537"]
[PlyCount "119"]
[EventDate "2016.06.21"]
[EventType "swiss"]
[EventRounds "9"]
[EventCountry "CRO"]
[SourceTitle "EXT 2017"]
[Source "ChessBase"]
[SourceDate "2016.10.25"]
[SourceVersion "1"]
[SourceVersionDate "2016.10.25"]
[SourceQuality "1"]

1. e4 e5 2. Nf3 Nc6 3. Bc4 Bc5 4. c3 Nf6 5. d3 d6 6. b4 Bb6 7. a4 a5 8. b5 Ne7 9. Qb3 0-0 10. Bg5 Ng6 11. 0-0 h6 12. Be3 Ba7 13. Bxa7 Rxa7 14. Nbd2 Nh5 15. Rab1 b6 16. Rfe1 Nhf4 17. d4 Nh4 18. Bf1 Qf6 19. Re3 Nhg6 20. d5 Bg4 21. c4 Bd7 22. Rb2 Qe7 23. Ne1 Raa8 24. Nd3 Qf6 25. Nf3 Qe7 26. Nfe1 Rab8 27. Nxf4 Nxf4 28. Nd3 Qg5 29. Nxf4 Qxf4 30. Qd3 Qh4 31. g3 Qg5 32. h4 Qe7 33. Kh2 Bg4 34. Bg2 Bd7 35. Rf3 Ra8 36. Rb1 Bg4 37. Re3 Bd7 38. Rf1 Bg4 39. f3 Bd7 40. f4 f6 41. f5 Be8 42. g4 Rb8 43. Rh3 Ra8 44. Rh1 Rb8 45. Qg3 Ra8 46. Bf3 Kh7 47. Kg2 Rg8 48. Kf2 Bd7 49. g5 Rab8 50. Rg1 Rbf8 51. g6+ Kh8 52. Qg4 Rb8 53. Rhg3 Rbd8 54. Qh5 Rb8 55. Be2 Rbd8 56. Rb1 Rb8 57. Rgb3 Rgc8 58. Rg1 Rg8 59. Qf3 Rgf8 60. Qh3 1/2-1/2

[Event "CRO-ch U13 Girls"]
[Site "Trogir"]
[Date "2016.06.22"]
[Round "3"]
[White "Bedic, Noemi"]
[Black "Randic, Petra"]
[Result "0-1"]
[WhiteElo "1409"]
[BlackElo "1390"]
[PlyCount "86"]
[EventDate "2016.06.21"]
[EventType "swiss"]
[EventRounds "9"]
[EventCountry "CRO"]
[SourceTitle "EXT 2017"]
[Source "ChessBase"]
[SourceDate "2016.10.25"]
[SourceVersion "1"]
[SourceVersionDate "2016.10.25"]
[SourceQuality "1"]

1. e4 e6 2. d4 d5 3. e5 c5 4. c3 Nc6 5. Nf3 Qb6 6. Bd3 cxd4 7. cxd4 Bd7 8. Be3 Qxb2 9. Nbd2 Nb4 10. Nb3 Qc3+ 11. Ke2 Qxd3+ 12. Qxd3 Nxd3 13. Kxd3 Bb5+ 14. Kc2 Ba3 15. Rab1 Rc8+ 16. Nc5 Bxc5 17. dxc5 Bc6 18. Nd4 Ba4+ 19. Kd2 Rb8 20. c6 b6 21. Rb4 b5 22. Rc1 a6 23. Nf3 Ne7 24. c7 Rc8 25. Bg5 Kd7 26. Bxe7 Kxe7 27. Rb2 Kd7 28. Ng5 f6 29. Nf7 Rhf8 30. Nd6 Rxc7 31. Rxc7+ Kxc7 32. f4 fxe5 33. fxe5 Rf2+ 34. Kc3 d4+ 35. Kxd4 Rxb2 36. Ne8+ Kd7 37. Nxg7 Rxg2 38. Nh5 Rxh2 39. Nf6+ Ke7 40. Ne4 Rxa2 41. Nc3 Ra1 42. Ne2 Bd1 43. Nf4 a5 0-1

[Event "EU-ch U12 Girls 25th"]
[Site "Porec"]
[Date "2015.09.30"]
[Round "9"]
[White "Skaslien, Ingrid"]
[Black "Randic, Petra"]
[Result "1-0"]
[WhiteElo "1425"]
[BlackElo "1523"]
[PlyCount "57"]
[EventDate "2015.09.21"]
[EventType "swiss"]
[EventRounds "9"]
[EventCountry "CRO"]
[SourceTitle "EXT 2016"]
[Source "ChessBase"]
[SourceDate "2015.10.08"]
[SourceVersion "1"]
[SourceVersionDate "2015.10.08"]
[SourceQuality "1"]

1. d4 d5 2. c4 e6 3. Nf3 Nf6 4. Nc3 c6 5. Bg5 Nbd7 6. e3 Be7 7. Bd3 dxc4 8. Bxc4 b5 9. Be2 Bb7 10. 0-0 0-0 11. Rc1 Rc8 12. Qd3 a6 13. Bxf6 Bxf6 14. Ne4 Nb6 15. Nc5 Qe7 16. Nd2 Nd5 17. Nde4 a5 18. Nxb7 Qxb7 19. Nd6 Qd7 20. Nxc8 Rxc8 21. a3 Nb6 22. Qd2 e5 23. Qxa5 Na8 24. dxe5 Bxe5 25. Rfd1 Qe6 26. Rd8+ Qe8 27. Rxe8+ Rxe8 28. Rxc6 Bxb2 29. Ra6 1-0

[Event "Topusko op 4th"]
[Site "Topusko"]
[Date "2015.08.06"]
[Round "7"]
[White "Randic, Petra"]
[Black "Kablar, Dorian"]
[Result "1-0"]
[WhiteElo "1513"]
[BlackElo "1510"]
[PlyCount "85"]
[EventDate "2015.08.01"]
[EventType "swiss"]
[EventRounds "9"]
[EventCountry "CRO"]
[SourceTitle "CBM 167 Extra"]
[Source "ChessBase"]
[SourceDate "2015.09.14"]
[SourceVersion "1"]
[SourceVersionDate "2015.09.14"]
[SourceQuality "1"]

1. e4 e5 2. Nf3 Nc6 3. Bc4 Nf6 4. Nc3 Nxe4 5. Bxf7+ Kxf7 6. Nxe4 d5 7. Nc3 Bg4 8. h3 Bf5 9. d3 d4 10. Ne4 h6 11. Qe2 Bd6 12. Bd2 Re8 13. 0-0-0 Qd7 14. g4 Bg6 15. Nh4 Bxe4 16. Qxe4 Qe6 17. Kb1 Rab8 18. a3 Ne7 19. Rde1 Qd5 20. Qxd5+ Nxd5 21. Nf5 Rbd8 22. Re4 Nf6 23. Re2 c5 24. Rhe1 Bc7 25. f3 b5 26. b3 a5 27. h4 Nd5 28. Ng3 a4 29. Ne4 Bb6 30. g5 h5 31. Ng3 Rh8 32. Rxe5 Bc7 33. Rf5+ Kg6 34. Re6+ Nf6 35. f4 Kf7 36. Rc6 Bd6 37. gxf6 gxf6 38. Ne4 Be7 39. Ba5 Rd7 40. Nxc5 Ra7 41. b4 Rd8 42. Bxd8 Bxd8 43. Ne4 1-0

[Event "Topusko op 4th"]
[Site "Topusko"]
[Date "2015.08.04"]
[Round "5"]
[White "Randic, Petra"]
[Black "Krakar, Niko"]
[Result "0-1"]
[WhiteElo "1513"]
[BlackElo "1628"]
[PlyCount "135"]
[EventDate "2015.08.01"]
[EventType "swiss"]
[EventRounds "9"]
[EventCountry "CRO"]
[SourceTitle "CBM 167 Extra"]
[Source "ChessBase"]
[SourceDate "2015.09.14"]
[SourceVersion "1"]
[SourceVersionDate "2015.09.14"]
[SourceQuality "1"]

1. e4 e6 2. d4 d5 3. e5 c5 4. c3 Nc6 5. Nf3 Qb6 6. a3 cxd4 7. cxd4 Bd7 8. b4 a6 9. Bb2 Be7 10. Nc3 f6 11. b5 axb5 12. Bxb5 Nh6 13. Qd2 0-0 14. 0-0 Nf5 15. Bxc6 bxc6 16. Rfb1 Qc7 17. a4 Bc8 18. Ba3 Ba6 19. Bxe7 Nxe7 20. Rb4 c5 21. dxc5 Qxc5 22. Rab1 Nc6 23. Rb6 fxe5 24. a5 Nxa5 25. Rxe6 e4 26. Ng5 Bc4 27. Reb6 Nb3 28. R6xb3 Bxb3 29. Ne6 Qc4 30. Nxf8 Rxf8 31. h3 h6 32. Qb2 Rb8 33. Qd2 Rc8 34. Rc1 Qb4 35. Qb2 Kh7 36. Ne2 Rxc1+ 37. Qxc1 Qc4 38. Qf4 Qc8 39. Nd4 Ba4 40. Qf7 Qd7 41. Qf4 Kg8 42. Kh1 Qf7 43. Qb8+ Kh7 44. Qg3 Qf6 45. Qe3 Bd7 46. f3 Bf5 47. Nxf5 Qxf5 48. fxe4 Qxe4 49. Qd2 d4 50. Kg1 Kg6 51. Kf1 h5 52. Kf2 h4 53. g3 Kh5 54. g4+ Kg6 55. Kf1 Qh1+ 56. Ke2 Qg2+ 57. Kd1 Qxd2+ 58. Kxd2 Kg5 59. Kd3 Kf4 60. Kxd4 Kg3 61. Ke3 Kxh3 62. Kf3 g5 63. Kf2 Kxg4 64. Kg2 Kf4 65. Kf2 g4 66. Kg2 g3 67. Kh3 Kf3 68. Kxh4 0-1